[Event "Salon de Provence op 6th"]
[Site "Salon de Provence"]
[Date "2015.07.04"]
[Round "9"]
[White "Baquer, Marc"]
[Black "Duval, Jean Pierre"]
[Result "1-0"]
[WhiteElo "1781"]
[BlackElo "1757"]
[PlyCount "51"]
[EventDate "2015.07.04"]
[EventType "swiss"]
[EventRounds "9"]
[EventCountry "FRA"]
[SourceTitle "EXT 2016"]
[Source "ChessBase"]
[SourceDate "2015.10.08"]
[SourceVersion "1"]
[SourceVersionDate "2015.10.08"]
[SourceQuality "1"]

1. d4 d6 2. Bg5 g6 3. e3 Bg7 4. Bd3 c5 5. c3 Qa5 6. Qd2 cxd4 7. exd4 Nd7 8. Nf3 e5 9. 0-0 h6 10. Bh4 g5 11. Bg3 f6 12. Bg6+ Kd8 13. dxe5 dxe5 14. Rd1 Ne7 15. Bf7 Qb6 16. Na3 Rf8 17. Bb3 Ke8 18. Nc4 Qc6 19. Nd6+ Kd8 20. Qc2 b5 21. a4 b4 22. a5 bxc3 23. Ba4 Qc5 24. Qb3 Nc6 25. bxc3 Nxa5 26. Qe6 1-0

[Event "Salon de Provence op 6th"]
[Site "Salon de Provence"]
[Date "2015.07.04"]
[Round "7"]
[White "Baquer, Marc"]
[Black "Jeanjean, Dominique"]
[Result "0-1"]
[WhiteElo "1781"]
[BlackElo "2077"]
[PlyCount "89"]
[EventDate "2015.07.04"]
[EventType "swiss"]
[EventRounds "9"]
[EventCountry "FRA"]
[SourceTitle "EXT 2016"]
[Source "ChessBase"]
[SourceDate "2015.10.08"]
[SourceVersion "1"]
[SourceVersionDate "2015.10.08"]
[SourceQuality "1"]

1. d4 Nf6 2. Bg5 d5 3. e3 c5 4. Bxf6 exf6 5. dxc5 Bxc5 6. Bb5+ Nc6 7. Nc3 Be6 8. Nge2 0-0 9. Bxc6 bxc6 10. 0-0 f5 11. Qd3 Qc7 12. Nd4 g6 13. Nce2 Bd6 14. g3 Rab8 15. b3 Be5 16. Rac1 Rfd8 17. Nxe6 fxe6 18. c4 Qd7 19. Rfd1 Bf6 20. Qc2 Rbc8 21. cxd5 cxd5 22. Qd3 Qb7 23. Nd4 Qb6 24. Rc2 Rxc2 25. Qxc2 e5 26. Ne2 Kf7 27. Nc3 Qc6 28. Qd3 e4 29. Qb5 Qxc3 30. Qb7+ Be7 31. Rxd5 Rxd5 32. Qxd5+ Kg7 33. Qd7 Qc5 34. Qd2 a5 35. Qb2+ Bf6 36. Qd2 Kh6 37. Qd7 Qe7 38. Qb5 Qd8 39. Qe2 Qd3 40. Kf1 Bc3 41. f3 Kg7 42. Kf2 Kf6 43. a3 Qxe2+ 44. Kxe2 Ke5 45. b4 0-1

[Event "Marseille op 4th"]
[Site "Marseille"]
[Date "2011.12.28"]
[Round "6"]
[White "Baquer, Marc"]
[Black "Maruejols, Claude"]
[Result "1/2-1/2"]
[WhiteElo "1798"]
[BlackElo "2039"]
[PlyCount "100"]
[EventDate "2011.12.26"]
[EventType "swiss"]
[EventRounds "9"]
[EventCountry "FRA"]
[SourceTitle "CBM 146 Extra"]
[Source "ChessBase"]
[SourceDate "2012.02.29"]
[SourceVersion "1"]
[SourceVersionDate "2012.02.29"]
[SourceQuality "1"]

1. d4 Nf6 2. Bg5 Ne4 3. Bf4 c5 4. f3 Qa5+ 5. c3 Nf6 6. d5 d6 7. e4 Nbd7 8. Na3 g6 9. Nc4 Qc7 10. a4 b6 11. Qd2 Bg7 12. Bd3 0-0 13. g4 Ba6 14. Kf2 Rfe8 15. Ne2 Bb7 16. Ng3 Nf8 17. h4 Rad8 18. Bh6 e6 19. Bxg7 Kxg7 20. h5 exd5 21. hxg6 fxg6 22. exd5 Bxd5 23. Qh6+ Kg8 24. Ne3 Qf7 25. Ngf5 Rxe3 26. Qxe3 gxf5 27. gxf5 Kh8 28. Rag1 N8d7 29. Qh6 Rg8 30. Rxg8+ Nxg8 31. Qxd6 Ngf6 32. Bb5 Qf8 33. Qc7 Qb8 34. Qxb8+ Nxb8 35. Rd1 c4 36. Bxc4 Bxc4 37. Rd8+ Kg7 38. Rxb8 Bd5 39. a5 bxa5 40. Rb5 a4 41. Ra5 Bb3 42. Rxa7+ Kh6 43. c4 Bxc4 44. Rxa4 Bd5 45. Ra6 Kg5 46. b4 h5 47. b5 h4 48. b6 h3 49. Kg3 h2 50. Kxh2 Bxf3 1/2-1/2

[Event "Marseille op 2nd "]
[Site "Marseille"]
[Date "2009.12.30"]
[Round "9"]
[White "Baquer, Marc"]
[Black "Renault, Alix"]
[Result "1-0"]
[WhiteElo "1807"]
[BlackElo "1590"]
[PlyCount "86"]
[EventDate "2009.12.26"]
[EventType "swiss"]
[EventRounds "9"]
[EventCountry "FRA"]
[SourceTitle "CBM 134 Extra"]
[Source "ChessBase"]
[SourceDate "2010.03.03"]
[SourceVersion "1"]
[SourceVersionDate "2010.03.03"]
[SourceQuality "1"]

1. d4 Nf6 2. Bg5 Ne4 3. Bf4 d5 4. e3 c5 5. Bd3 Qa5+ 6. c3 Nd7 7. Bxe4 dxe4 8. Nd2 f5 9. Ne2 g6 10. Nb3 Qb6 11. dxc5 Nxc5 12. Nxc5 Qxc5 13. 0-0 Bg7 14. Qb3 e5 15. Bg3 Qc6 16. Rfd1 Be6 17. Qb4 a5 18. Qd6 Qxd6 19. Rxd6 Ke7 20. Rad1 g5 21. h4 h6 22. Rb6 Rhd8 23. Rxb7+ Kf6 24. Rxd8 Rxd8 25. Bxe5+ Kxe5 26. Rxg7 Kf6 27. Rb7 gxh4 28. Nd4 Bxa2 29. Rb6+ Kf7 30. Rb5 a4 31. Rxf5+ Kg6 32. Rb5 Rd6 33. Rb4 Bb3 34. Kh2 Rf6 35. Nxb3 axb3 36. Rxb3 Rxf2 37. c4 Rc2 38. Rc3 Rxb2 39. c5 Kg5 40. c6 Rb8 41. c7 Rc8 42. Rc4 Kh5 43. Kh3 Kg5 1-0

[Event "Marseille op 2nd "]
[Site "Marseille"]
[Date "2009.12.27"]
[Round "4"]
[White "Srdoc, Nenad"]
[Black "Baquer, Marc"]
[Result "1-0"]
[WhiteElo "1981"]
[BlackElo "1807"]
[PlyCount "69"]
[EventDate "2009.12.26"]
[EventType "swiss"]
[EventRounds "9"]
[EventCountry "FRA"]
[SourceTitle "CBM 134 Extra"]
[Source "ChessBase"]
[SourceDate "2010.03.03"]
[SourceVersion "1"]
[SourceVersionDate "2010.03.03"]
[SourceQuality "1"]

1. e4 e6 2. Qe2 d5 3. exd5 Qxd5 4. Nc3 Qd8 5. Nf3 Nc6 6. a3 Nf6 7. g3 a6 8. Bg2 Rb8 9. 0-0 Bc5 10. Ne4 Nxe4 11. Qxe4 0-0 12. c3 Ba7 13. d4 Ne7 14. Ng5 Ng6 15. h4 h6 16. h5 hxg5 17. hxg6 f5 18. Qf3 g4 19. Qf4 Rf6 20. f3 Rxg6 21. fxg4 Rxg4 22. Qe5 Qd6 23. Bf4 Qb6 24. b4 c6 25. Bf3 Rg6 26. Kg2 Ra8 27. Bh5 Bb8 28. Qe2 Bxf4 29. Bxg6 Bh6 30. g4 Qd8 31. gxf5 Qg5+ 32. Kh3 Bd7 33. Qg4 Qf6 34. Rae1 exf5 35. Bxf5 1-0

[Event "Marseille op 2nd "]
[Site "Marseille"]
[Date "2009.12.26"]
[Round "2"]
[White "Jeanjean, Dominique"]
[Black "Baquer, Marc"]
[Result "1-0"]
[WhiteElo "2095"]
[BlackElo "1807"]
[PlyCount "107"]
[EventDate "2009.12.26"]
[EventType "swiss"]
[EventRounds "9"]
[EventCountry "FRA"]
[SourceTitle "CBM 134 Extra"]
[Source "ChessBase"]
[SourceDate "2010.03.03"]
[SourceVersion "1"]
[SourceVersionDate "2010.03.03"]
[SourceQuality "1"]

1. e4 e6 2. d4 d5 3. Nd2 Nf6 4. e5 Nfd7 5. Bd3 c5 6. c3 Nc6 7. Ngf3 cxd4 8. cxd4 f6 9. exf6 Nxf6 10. 0-0 Bd6 11. Re1 Qc7 12. Nf1 0-0 13. Bg5 h6 14. Bxf6 Rxf6 15. Rc1 Qf7 16. Bb1 Bd7 17. Qd3 g5 18. h4 g4 19. Ne5 Bxe5 20. dxe5 Rxf2 21. Qh7+ Qxh7 22. Bxh7+ Kxh7 23. Kxf2 Rf8+ 24. Kg1 h5 25. Ng3 Kg6 26. a3 a6 27. Rc2 d4 28. Rd2 b5 29. Re4 Bc8 30. Rf2 Rxf2 31. Kxf2 Bb7 32. b4 Ba8 33. Ke1 Bb7 34. Kd2 Ba8 35. Kd3 Bb7 36. Re2 Ba8 37. Rf2 Nxe5+ 38. Kxd4 Nc4 39. a4 e5+ 40. Kc5 e4 41. axb5 Ne5 42. Re2 Nd3+ 43. Kc4 axb5+ 44. Kxb5 Nf4 45. Rf2 Ne6 46. Kc4 e3 47. Re2 Nf4 48. Rxe3 Nxg2 49. Re6+ Kf7 50. Re5 Nxh4 51. Rxh5 Nf3 52. Ra5 Bc6 53. b5 Nd2+ 54. Kd3 1-0

[Event "Hyeres op"]
[Site "Hyeres"]
[Date "2009.03.01"]
[Round "2"]
[White "Minery, Guillaume"]
[Black "Baquer, Marc"]
[Result "1/2-1/2"]
[WhiteElo "1952"]
[BlackElo "1794"]
[PlyCount "55"]
[EventDate "2009.02.28"]
[EventType "swiss"]
[EventRounds "7"]
[EventCountry "FRA"]
[SourceTitle "EXT 2010"]
[Source "ChessBase"]
[SourceDate "2010.11.25"]
[SourceVersion "1"]
[SourceVersionDate "2010.11.25"]
[SourceQuality "1"]

1. e4 e6 2. d4 d5 3. Nc3 Nf6 4. Bg5 Be7 5. e5 Nfd7 6. h4 a6 7. Qg4 c5 8. Bxe7 Qxe7 9. Qxg7 Qf8 10. Qg4 cxd4 11. Qxd4 Nc6 12. Qd2 Ndxe5 13. 0-0-0 b5 14. Nxd5 exd5 15. Qxd5 Qh6+ 16. Kb1 Be6 17. Qc5 Rc8 18. Nh3 Nd7 19. Qd6 Qf8 20. Qf4 Qb4 21. Qh6 Bxa2+ 22. Kxa2 Qa4+ 23. Kb1 Nb4 24. Qe3+ Kd8 25. Qb6+ Ke8 26. Re1+ Kf8 27. Qh6+ Kg8 28. Qg5+ 1/2-1/2

[Event "Bouches du Rhone-ch 0203"]
[Site "Provence"]
[Date "2002.11.09"]
[Round "2"]
[White "Cipriani, Pierre"]
[Black "Baquer, Marc"]
[Result "1-0"]
[WhiteElo "1870"]
[BlackElo "1620"]
[PlyCount "45"]
[EventDate "2002.10.??"]
[EventType "swiss"]
[EventRounds "9"]
[EventCountry "FRA"]
[SourceTitle "EXT 2005"]
[Source "ChessBase"]
[SourceDate "2004.11.15"]
[SourceVersion "1"]
[SourceVersionDate "2004.11.15"]
[SourceQuality "1"]

1. e4 e6 2. d4 d5 3. Nc3 Nf6 4. Bd3 Bb4 5. Bg5 Be7 6. e5 Nfd7 7. Bxe7 Qxe7 8. Qg4 f5 9. exf6 Nxf6 10. Qh4 Nc6 11. Nf3 Bd7 12. Bg6+ Kd8 13. 0-0-0 Be8 14. Bd3 Nb4 15. Rhe1 Nxd3+ 16. Rxd3 Bg6 17. Rde3 Ne4 18. Qxe7+ Kxe7 19. Nxe4 Bxe4 20. Ng5 Kd7 21. f3 h6 22. Nf7 Bxf3 23. Ne5+ 1-0